Top 10 Biggest Cities in the U.S. - Sudden Death - Statistics

General Stats
  • This quiz has been taken 127 times
  • The average score is 5 of 10
Answers on the Grid
Answers color-coded by a green-red scale on the quiz's grid according to % correct below.
Austin
Charlotte
Chicago
Columbus
Dallas
Denver
Fort Worth
Houston
Indianapolis
Jacksonville
Los Angeles
New York
Oklahoma City
Philadelphia
Phoenix
San Antonio
San Diego
San Francisco
San Jose
Seattle
 
Answer Stats
Answer % Correct
New York
84%
Los Angeles
82%
Chicago
80%
Houston
61%
Philadelphia
51%
Dallas
49%
Phoenix
49%
San Diego
30%
San Antonio
25%
Jacksonville
13%
No matching quizzes found
Score Distribution
Percent of People with Each Score
Percentile by Number Answered
Your Score History
You have not taken this quiz